000 03098nab a2200265 i 4500
003 BR-BrBNA
005 20241106183223.0
008 241106b2008 bl.qr|pooa||| 00| 0 por |
040 _aBR-BrBNA
_bpor
072 _aF70
100 _aArantes, Adriana A.
100 _aPrado, Jefferson
100 _aRanal, Marli A.
245 _aSamambaias da Estação Ecológica do Panga, Uberlândia, Minas Gerais, Brasil: Anemiaceae, Aspleniaceae, Cyatheaceae e Lygodiaceae
500 _aPublicação on-line; 38 ref.; 3 illus.; Summaries (En, Pt)
520 _a RESUMO (Samambaias da Estação Ecológica do Panga, Uberlândia, Minas Gerais, Brasil: Anemiaceae, Aspleniaceae, Cyatheaceae e Lygodiaceae) O presente trabalho apresenta o levantamento das famílias Anemiaceae, Aspleniaceae, Cyatheaceae e Lygodiaceae da Estação Ecológica do Panga e traz o tratamento taxonômico de suas espécies. A Estação Ecológica do Panga abrange 409,5 ha e está situada a 30 km ao sul de Uberlândia, MG, entre as coordenadas 19°09’20"–19°11’10" S e 48°23’20"–48°24’35" W, entre 740–840 m de altitude. A área apresenta grande importância ecológica por ser uma das poucas formações de vegetação natural da região e por possuir diferentes fisionomias do bioma Cerrado, como campestres, savânicas e florestais. São tratadas neste artigo quatro famílias e oito espécies. São apresentadas chaves para as famílias, bem como ilustrações, distribuição geográfica e comentários dos táxons. Palavras-chave: Aspleniaceae, cerrado, Cyatheaceae, samambaias, Schizaeales
520 _a ABSTRACT (Ferns of the Ecological Station of Panga, Uberlândia, Minas Gerais State, Brazil: Anemiaceae, Aspleniaceae, Cyatheaceae and Lygodiaceae) This paper is a floristic survey of the families Anemiaceae, Aspleniaceae, Cyatheaceae, and Lygodiaceae of the Ecological Station of Panga, and provides the taxonomic treatment for its species. The Ecological Station of Panga covers an area of 409.5 ha, and is located about 30 km to the South of Uberlândia, Minas Gerais State, Brazil, between the geographical coordinates 19°09’20"–19°11’10" S and 48°23’20"–48024’35" W, at 740–840 m altitude. The area represents a good remnant of the natural vegetation of the region, presenting different savanna and forest physiognomies. We present here the taxonomic treatments for four families and eight species. Identification keys, descriptions, illustrations of diagnostics characters of the families and species, geographical distribution, and comments are presented. Key words: Aspleniaceae, Cyatheaceae, ferns, savanna, Schizaeales.
650 _aCERRADO
650 _aSAMAMBAIA
650 _aMINAS GERAIS
773 0 _0709
_9345945
_dRio de Janeiro-RJ Jardim Botanico do Rio de Janeiro 1935
_o2024-6595
_tRodriguésia (Brazil)
_x0370-6583; 2175-7860 on-line
_gv. 59(4) p. 845-858; (2008)
_wBR2024003310
856 _uhttps://www.scielo.br/j/rod/a/GsSPNt5C4cq3PyXMPBdxNjp/?format=pdf&lang=pt
942 _cANA
999 _c328470
_d328470